000
00321 a2200145 4500
001
50420
020
_a
8526241788
040
_c
Anchieta - Bela Vista
240
1
0
_a
A garrafinha de turbulão
_l
por
245
1
0
_a
A garrafinha de turbulão
300
_a
48
362
0
_a
2002
650
4
_a
Literatura juvenil
942
_c
BK
999
_c
50420
_d
50420